| 000 | 00849cab a2200241 4500 | ||
|---|---|---|---|
| 001 | WB3404-33 | ||
| 008 | 090401t1998 xxu||||| |||| 00| 0 eng d | ||
| 035 | _a(Sirsi) u83353 | ||
| 041 | _aeng | ||
| 245 | _aLeisure industry | ||
| 260 | _c1998 | ||
| 350 | _a0 | ||
| 490 |
_aTimes _v26 January 1998, 8(1) |
||
| 520 | _aThe Home Office is planning to reform the regulation of pubs, clubs, restaurants and casinos in a bid to remove red tape in the leisure industry. Options include an all-purpose entertainments licence, an end to the ban on Sunday dancing and allowing winnings from footballs pools to be paid out in shops. | ||
| 650 | _aCASINOS | ||
| 650 | _aENTERTAINMENTS LICENCE | ||
| 650 | _aLEISURE INDUSTRY | ||
| 650 | _aPUBS | ||
| 650 | _aRESTAURANTS | ||
| 690 | _aLEISURE AND RECREATION | ||
| 942 | _n0 | ||
| 948 | _c27/01/1998 | ||
| 999 |
_c52642 _d52642 |
||